| 000 | 01260nam a2200373 i 4500 | ||
|---|---|---|---|
| 001 | 11452 | ||
| 003 | KOSZ 005 | ||
| 005 | 20200630132824.0 | ||
| 008 | 071012s1969 pl a f f 001 0 pol | ||
| 015 | _aPB 1969/1508 | ||
| 040 |
_aWA N _cKOSZ 005/RW _dKOSZ 005/RW _dKOSZ 005/HR |
||
| 046 | _k1969 | ||
| 080 | _a517 | ||
| 080 | _a(075.8) | ||
| 100 | 1 |
_aLeja, Franciszek _d(1885-1979). _eAutor |
|
| 245 | 1 | 0 |
_aRachunek różniczkowy i całkowy : _bze wstępem do równań różniczkowych / _cFranciszek Leja. |
| 250 | _aWyd. 9. | ||
| 260 |
_aWarszawa : _bPaństwowe Wydawnictwo Naukowe, _c1969. |
||
| 300 |
_a466, [2] s. : _bil. ; _c25 cm. |
||
| 380 | _aKsiążki | ||
| 380 | _aPublikacje dydaktyczne | ||
| 385 |
_mPoziom nauczania _aSZkoły wyższe |
||
| 388 | _a1901-2000 | ||
| 490 | 1 |
_aBiblioteka Matematyczna ; _vt. 2. |
|
| 504 | _aIndeks. | ||
| 658 | _aMatematyka | ||
| 655 | 4 | _aPodręczniki akademickie | |
| 650 | 4 | _aRachunek całkowy | |
| 650 | 4 | _aRachunek różniczkowy | |
| 710 | 2 |
_aPaństwowe Wydawnictwo Naukowe _4pbl. |
|
| 830 | 0 |
_aBiblioteka Matematyczna, _vt. 2. |
|
| 856 |
_uhttp://koha.tu.koszalin.pl/cgi-bin/koha/opac-detail.pl?biblionumber=11452 _yKatalog online BPK |
||
| 942 |
_2UKD _cKS |
||
| 999 |
_c11452 _d11452 |
||